000 00436nam a2200193Ia 4500
008 210210b2013 xxu||||| |||| 00| 0 eng d
020 _a9789350022436
041 _aeng
082 _a907 SHRT
100 _aSHRIMALI (K M)
245 _aTeaching history
260 _aDelhi
_bAakar
_c2013
300 _a166
650 _aTeaching
650 _ahistory
690 _aHistoriography
700 _aGUPTA (Vikas)
906 _a070751
999 _c120122
_d120122